000
00323nam a22001337a 4500
008
190304b xxu||||| |||| 00| 0 eng d
020
_a
9781930808867
041
_a
eng
080
_2
45th
_a
615
100
_a
5
101
_a
FAR
245
_a
The Sanford Guide To Antimicrobial Therapy 2015
_c
Gilbert,D.N
942
_2
udc
_c
BK
999
_c
54395
_d
54395